The nurse executive's coaching manual (Record no. 82095)
[ view plain ]
| 000 -LEADER | |
|---|---|
| fixed length control field | 01315nam a2200325Ia 4500 |
| 082 04 - DEWEY DECIMAL CLASSIFICATION NUMBER | |
| Classification number | 362.17/3068 |
| 100 1# - MAIN ENTRY--AUTHOR NAME | |
| Personal name | McNally, Kimberly A., |
| 245 14 - TITLE STATEMENT | |
| Title | The nurse executive's coaching manual |
| 260 ## - PUBLICATION, DISTRIBUTION, ETC. (IMPRINT) | |
| Place of publication | Indianapolis, IN : |
| Name of publisher | Sigma Theta Tau International, |
| Year of publication | c2010. |
| 300 ## - PHYSICAL DESCRIPTION | |
| Number of Pages | xvii, 347 p. |
| 650 #0 - SUBJECT ADDED ENTRY--TOPICAL TERM | |
| Topical Term | Nurse administrators |
| Topical Term | Executive coaching |
| 700 1# - ADDED ENTRY--PERSONAL NAME | |
| Personal name | Cunningham, Liz, |
| 856 40 - ELECTRONIC LOCATION AND ACCESS | |
| Uniform Resource Identifier | http://site.ebrary.com/lib/rucke/Doc?id=10404973 |
No items available.
